The 7 Key Holders - Statistics

General Stats
  • This quiz has been taken 4 times
  • The average score is 5 of 7
Answer Stats
Nationality Answer % Correct
United States Dan Kaminsky
100%
United Kingdom Paul Kane
100%
Trinidad and Tobago Bevil Wooding
67%
China Jiakang Yao
67%
Canada Norm Ritchie
67%
Czechia Ondrez Suri
67%
Burkina Faso Moussa Guebre
33%
No matching quizzes found
Score Distribution
Percent of People with Each Score
Percentile by Number Answered
Your Score History
You have not taken this quiz